Normal view MARC view

Entry Personal Name

Number of records used in: 2

001 - CONTROL NUMBER

  • control field: 540556

003 - CONTROL NUMBER IDENTIFIER

  • control field: OSt

005 - DATE AND TIME OF LATEST TRANSACTION

  • control field: 20220930081105.0

008 - FIXED-LENGTH DATA ELEMENTS

  • fixed length control field: 220930|| aca||aabn | a|a d

040 ## - CATALOGING SOURCE

  • Original cataloging agency: OSt
  • Transcribing agency: OSt

100 ## - HEADING--PERSONAL NAME

  • Personal name: Sheetal Bhagwati Singh

670 ## - SOURCE DATA FOUND

  • Source citation: Work cat.: (OSt)870899: Sheetal Bhagwati Singh, Swargiyey Ustad Nisaar Hussain Khan ka Hindustani shastriyey sangeet mein yogdaan, 2009
Copyright @ Delhi University Library System